| 000 | 00921nam a2200301Ia 4500 | ||
|---|---|---|---|
| 008 | 171120s9999 xx 000 0 und d | ||
| 020 | _a9711130025 | ||
| 050 | _a899.21 | ||
| 050 | _bH557 1974 | ||
| 100 | _aHernandez, Amado V. | ||
| 245 | _aLuha ng Buwaya / | ||
| 245 | _cby Amado V. Hernandez, Andres Cristobal Cruz and Ateneo de Manila University Press. | ||
| 260 | _aPhilippines : | ||
| 260 | _bAteneo de Manila University Press, | ||
| 260 | _c1974 | ||
| 300 | _a347 pages : | ||
| 300 | _billustrations ; | ||
| 300 | _c17cm. | ||
| 650 | _aAgricultural laborers -- | ||
| 650 | _aPeasants -- | ||
| 650 | _aRich people -- | ||
| 650 | _xPhilippines -- 20th century -- Fiction. | ||
| 650 | _xPhilippines -- 20th century -- Fiction. | ||
| 650 | _xPhilippines -- 20th century -- Fiction. | ||
| 700 | _aAteneo de Manila University Press. | ||
| 700 | _aCruz, Andres Cristobal. | ||
| 700 | _aTitle. | ||
| 999 |
_c345383 _d345383 |
||